000 01226cam a2200265 4500
001 1373
003 OCoLC
005 20181127163205.0
008 050302s2004 nyua b 001 0 eng d
020 _a0716758423
020 _a0716758504 (spiral)
020 _a0716785951 (AP)
020 _a9780716758426
020 _a9780716758501 (spiral)
020 _a9780716785958 (AP)
100 1 _aMyers, David G.
245 1 0 _aPsychology /
_cDavid G. Myers.
250 _a7th ed. in modules.
260 _aNew York :
_bWorth Publishers,
_cc2004.
300 _a1 v. (various pagings) :
_bill. (chiefly col.) ;
_c29 cm.
500 _a""First printing 2004""--T.p. verso.
504 _aIncludes bibliographical references (p. R-1-R-93) and indexes.
505 0 _aIntroduction to the history and science of psychology -- Neuroscience and behavior -- The nature and nurture of behavior -- The developing person -- Sensation and perception -- States of consciousness -- Learning -- Memory -- Thinking, language, and intelligence -- Motivation and work -- Emotion -- Stress and health -- Personality -- Psychological disorders -- Therapy -- Social Psychology -- Appendix: answers to test yourself questions.
650 0 _aPsychology.
999 _c1005
_d1005